00336 a2200109 4500000002500000100002100025110002100046245005100067250002000118260004400138264004400182 nam a22 7a 4500 aSharma, Kalpana  aSharma, Kalpana  aResearch in Ancient History: Methods and Areas aLatest edition  bSwastik Publishers & Distributorsc2025 bSwastik Publishers & Distributorsc2025